La acción tutorial: Su concepción y su práctica

Zapisane w:
Opis bibliograficzny
Korporacja: Ministerio de Educación y Ciencia (Autor)
Format: Książka
Język:hiszpański
Wydane: Madrid Secretaría General Técnica. Subdirección General de Información y Publicaciones 2006
Seria:Conocimiento Educativo
Hasła przedmiotowe:
Etykiety: Dodaj etykietę
Nie ma etykietki, Dołącz pierwszą etykiete!

MARC

LEADER 00000nam a2200000 a 4500
001 UCH9631
003 CL-VaPUC
008 100114e20060000SP |||||||||||||||||spa|d
020 |a 8436943562 
082 0 4 |a 371.4  |b MIN  |2 21 
110 2 |a Ministerio de Educación y Ciencia  |e author  |9 546822 
245 1 3 |a La acción tutorial: Su concepción y su práctica 
300 |a 300 p 
942 |c BK 
945 |d 20100114 00:00:00  |a dcastane 
260 |a Madrid  |b Secretaría General Técnica. Subdirección General de Información y Publicaciones  |c 2006 
650 7 |a ORIENTACION EDUCACIONAL  |2 CL-VaPUC  |9 312512 
650 7 |a TUTORIAS  |2 CL-VaPUC  |9 335013 
650 0 |a Rol del docente  |9 329733 
650 0 |a Planificación del currículo  |9 269599 
583 |a last modification  |c 20100114 00:00:00  |k Rodrigo Vera 
490 0 |a Conocimiento Educativo 
999 |c 339552  |d 339550 
952 |0 0  |1 0  |4 0  |6 371_400000000000000_MIN_2006  |7 0  |8 A  |9 433261  |a BIBEDU  |b BIBEDU  |d 2019-11-22  |i 4633954  |o 371.4 MIN 2006  |p 4633954  |r 2019-11-22  |w 2019-11-22  |y BK  |k EPE